000 00879cam a2200265 i 4500
001 sa 68002403
003 DLC
005 20260227112442.0
008 860521m19621983ii 00010 hin
010 _asa 68002403
020 _cRs. 4.00 (v. 1 : varies for each vol.)
040 _aDLC
_cDLC
_dDLC
043 _aa-ii---
050 0 0 _aPK2033
_b.S48 1962
100 1 0 _aShukla, Ram Chandra,
_d1884-1941.
245 1 0 _aCintāmaṇi.
_pLekhaka Rāmacandra Śukla.
260 0 _aPrayāga :
_bIṇḍiyana Presa (Pablikeśaṃsa),
_c1962 or 63-1983.
300 _a3 v. ;
_c18 cm.
500 _aIn Hindi.
500 _aVol. 2 has imprint: Sarasvatī Mandira, Vārāṇasī.
500 _aVol. 3 edited by Nāmavara Siṃha.
500 _aVol. 3 has imprint: Nayī Dillī : Rājakamala Prakāśana.
650 0 _aHindi literature
_xHistory and criticism.
650 0 _aEthics.
999 _c78689
_d78689